[Event "Galego-ch Women and Seniors"]
[Site "Padron"]
[Date "2019.04.15"]
[Round "3.3"]
[White "Tubio Agrasar, Pablo"]
[Black "Espineira Gonzalez, Diego Adrian"]
[Result "0-1"]
[WhiteElo "2023"]
[BlackElo "2343"]
[PlyCount "76"]
[EventDate "2019.04.14"]
[EventType "swiss"]
[EventRounds "8"]
[EventCountry "ESP"]
[SourceTitle "EXT 2024"]
[Source "ChessBase"]
[SourceDate "2023.10.10"]
[SourceVersion "1"]
[SourceVersionDate "2023.10.10"]
[SourceQuality "1"]

1. e4 c5 2. Nf3 e6 3. d4 cxd4 4. Nxd4 a6 5. Nc3 b5 6. g3 Bb7 7. Bg2 Nf6 8. 0-0 b4 9. Na4 Bxe4 10. Bxe4 Nxe4 11. c3 bxc3 12. bxc3 Nc5 13. Rb1 Be7 14. Qf3 d5 15. Nb6 Ra7 16. Bf4 Rb7 17. Nxd5 exd5 18. Rxb7 Nxb7 19. Bxb8 Qxb8 20. Re1 Nd8 21. Qxd5 Qc7 22. Nf5 Ne6 23. Rxe6 fxe6 24. Nxg7+ Kf7 25. Nxe6 Qd6 26. Qf5+ Bf6 27. Ng5+ Ke7 28. Qe4+ Kf8 29. Qf3 Qe5 30. Ne4 Kf7 31. Qd3 Rd8 32. Qc4+ Qe6 33. Qc7+ Kg8 34. Qf4 Rf8 35. Qe3 Bg7 36. Qd3 Qxa2 37. f4 Rb8 38. Nd2 Qa1+ 0-1

[Event "POR-chT"]
[Site "Leiria"]
[Date "2017.07.18"]
[Round "2.1"]
[White "Trigo Urquijo, Sergio"]
[Black "Tubio Agrasar, Pablo"]
[Result "1-0"]
[WhiteElo "2389"]
[BlackElo "1988"]
[PlyCount "53"]
[EventDate "2017.07.17"]
[EventType "team-tourn"]
[EventRounds "9"]
[EventCountry "POR"]
[SourceTitle "CBM 179 Extra"]
[Source "ChessBase"]
[SourceDate "2017.08.23"]
[SourceVersion "1"]
[SourceVersionDate "2017.08.23"]
[SourceQuality "1"]
[WhiteTeam "Porto"]
[BlackTeam "Barreirense"]
[WhiteTeamCountry "POR"]
[BlackTeamCountry "POR"]

1. e4 c5 2. Nc3 d6 3. g3 Nf6 4. Bg2 g6 5. Nge2 Bg7 6. 0-0 0-0 7. h3 Nc6 8. d3 e6 9. f4 Nd4 10. Nxd4 cxd4 11. Ne2 Nd7 12. c3 dxc3 13. bxc3 b6 14. Ba3 Nc5 15. d4 Nb7 16. e5 Rb8 17. Qa4 a5 18. Rab1 Bd7 19. Bc6 Bxc6 20. Qxc6 Qc8 21. Qxc8 Rfxc8 22. Rxb6 dxe5 23. fxe5 Nd8 24. Rfb1 Nc6 25. Kf2 Bf8 26. Bxf8 Kxf8 27. Rxc6 1-0